Everton squad each year - Statistics

General Stats
  • This quiz has been taken 9 times
  • The average score is 12 of 25
Answer Stats
Hint Answer % Correct
gk pickford
100%
rb coleman
86%
rb patterson
86%
lb mykolenko
71%
cm garner
57%
cb o'brien
57%
cm armstrong
43%
lb aznou
43%
st barry
43%
st beto
43%
cb branthwaite
43%
cm dewsbury-hall
43%
rw dibling
43%
cm gana gueye
43%
rw george
43%
lw grealish
43%
cm iroegbunam
43%
cb keane
43%
gk king
43%
lw mcneil
43%
lw n'diaye
43%
cm rohl
43%
cb tarkowski
43%
cam alcaraz
29%
gk travers
29%
No matching quizzes found
Score Distribution
Percent of People with Each Score
Percentile by Number Answered
Your Score History
You have not taken this quiz